000
00196nam a2200097 4500
082
_a
BHA
100
_a
Bhasia, P.L
245
_a
Quantity Surveying
260
_a
Delhi:
_b
S. Chand,
_c
1990.
942
_c
BK
999
_c
9349
_d
9349